Sorghum science / (Record no. 5989)

MARC details
000 -LEADER
fixed length control field 00510nam a22001937a 4500
001 - CONTROL NUMBER
control field BD-DhSAU 5989
003 - CONTROL NUMBER IDENTIFIER
control field BD-DhSAU
005 - DATE AND TIME OF LATEST TRANSACTION
control field 20150430154456.0
008 - FIXED-LENGTH DATA ELEMENTS--GENERAL INFORMATION
fixed length control field 150430b1996 ii a|||| |||| 00| 0 eng d
020 ## - INTERNATIONAL STANDARD BOOK NUMBER
International Standard Book Number 8120410475
040 ## - CATALOGING SOURCE
Original cataloging agency BD-DhSAU
082 ## - DEWEY DECIMAL CLASSIFICATION NUMBER
Edition number 22
Classification number 633.17
Item number MAS
100 ## - MAIN ENTRY--PERSONAL NAME
Personal name Maiti, Ratikanta
245 ## - TITLE STATEMENT
Title Sorghum science /
Statement of responsibility, etc. by Ratikanta Maiti
260 ## - PUBLICATION, DISTRIBUTION, ETC. (IMPRINT)
Place of publication, distribution, etc. New delhi :
Name of publisher, distributor, etc. Oxford publishers ,
Date of publication, distribution, etc. c1996.
300 ## - PHYSICAL DESCRIPTION
Extent xv, 352 p.:
Other physical details ill. ;
Dimensions 24 cm.
590 ## - Name of Cataloguer
Name of Cataloger IMRAN
650 ## - SUBJECT ADDED ENTRY--TOPICAL TERM
Topical term or geographic name as entry element Sorghum science
942 ## - ADDED ENTRY ELEMENTS (KOHA)
Source of classification or shelving scheme Dewey Decimal Classification
Koha item type Book
Holdings
Withdrawn status Lost status Source of classification or shelving scheme Damaged status Not for loan Home library Branch Name Shelving location Date acquired Total Checkouts Full call number Barcode Date last seen Price effective from Koha item type Collection code
    Dewey Decimal Classification   Not For Loan SAU Library SAU Library Reference 28/06/2001   633.17 MAS 29890 30/04/2015 30/04/2015 Book  
    Dewey Decimal Classification   Not For Loan SAU Library SAU Library Reference 29/06/2000   633.17 MAS 28746 09/05/2015 09/05/2015 Book Reference